Le monde fascinant des motors
Spremljeno u:
| Glavni autor: | |
|---|---|
| Format: | Knjiga |
| Jezik: | Undetermined |
| Izdano: |
[London]
Grund
1979
|
| Teme: | |
| Oznake: |
Dodaj oznaku
Bez oznaka, Budi prvi tko označuje ovaj zapis!
|
| Thư viện lưu trữ: | Trung tâm Học liệu Trường Đại học Cần Thơ |
|---|
| LEADER | 00462nam a2200169Ia 4500 | ||
|---|---|---|---|
| 001 | CTU_111564 | ||
| 008 | 210402s9999 xx 000 0 und d | ||
| 082 | |a 629.2275 | ||
| 082 | |b D283 | ||
| 100 | |a Deane, Charles E. | ||
| 245 | 0 | |a Le monde fascinant des motors | |
| 245 | 0 | |c Charles E. Deane, Brain Crichton | |
| 260 | |a [London] | ||
| 260 | |b Grund | ||
| 260 | |c 1979 | ||
| 650 | |a Motors,Motocycles | ||
| 980 | |a Trung tâm Học liệu Trường Đại học Cần Thơ | ||